U.S. productivity growth : Who benefited?
সংরক্ষণ করুন:
| প্রধান লেখক: | |
|---|---|
| বিন্যাস: | গ্রন্থ |
| ভাষা: | Undetermined |
| প্রকাশিত: |
Ann Arbor, Mich.
Umi Research Press
1983
|
| বিষয়গুলি: | |
| ট্যাগগুলো: |
ট্যাগ যুক্ত করুন
কোনো ট্যাগ নেই, প্রথমজন হিসাবে ট্যাগ করুন!
|
| Thư viện lưu trữ: | Trung tâm Học liệu Trường Đại học Cần Thơ |
|---|
| LEADER | 00586nam a2200205Ia 4500 | ||
|---|---|---|---|
| 001 | CTU_83472 | ||
| 008 | 210402s9999 xx 000 0 und d | ||
| 082 | |a 338 | ||
| 082 | |b B897 | ||
| 100 | |a Brunner, Lawrence P. | ||
| 245 | 0 | |a U.S. productivity growth : | |
| 245 | 0 | |b Who benefited? | |
| 245 | 0 | |c Lawrence P. Brunner | |
| 260 | |a Ann Arbor, Mich. | ||
| 260 | |b Umi Research Press | ||
| 260 | |c 1983 | ||
| 650 | |a Industrial productivity,Productivity accounting | ||
| 650 | |z United States | ||
| 904 | |i QHieu(sửa) | ||
| 980 | |a Trung tâm Học liệu Trường Đại học Cần Thơ | ||